Nazioni più visitate al mondo - Statistics

Statistiche generali
  • Questo quiz è stato fatto 178 volte
  • Il punteggio medio è 8 su 10
Statistiche sulle risposte
MILIONI DI VISITATORI NAZIONI % Corretto
65 ITALIA
100%
84 SPAGNA
99%
89 FRANCIA
98%
66 CINA
96%
40 GERMANIA
91%
39 REGNO UNITO
89%
79 USA
89%
45 MESSICO
78%
51 TURCHIA
51%
40 THAILANDIA
43%
Nessun quiz corrispondente trovato
Distribuzione punteggi
Percentuale di utenti per punteggio
Percentile per numero di risposta
I tuoi punteggi nel tempo
Non hai fatto questo quiz